| 000 | 00825cam a2200205 4500 | ||
|---|---|---|---|
| 001 | L136369 | ||
| 008 | 070129n 000 0 eng u | ||
| 035 | _a(Sirsi) u136369 | ||
| 041 | 0 | _aeng | |
| 110 | 2 |
_aValuation Tribunal Service _95108 |
|
| 245 | 0 | 0 | _aValuation in practice |
| 490 | 0 | _aValuation in Practice | |
| 490 | 0 | _aValuation in Practice | |
| 520 | _aSeries of newsletter containing news and reports from events relating to valuation tribunals. Includes discussions on recent legal cases and legislation, and changes in taxes and rates. | ||
| 590 | _aKA | ||
| 651 | 4 |
_aEngland _y886- |
|
| 690 | _aPROPERTY-PROPERTY APPRAISAL AND VALUATION | ||
| 856 | 4 | 0 |
_uhttps://valuationtribunal.gov.uk/about-vts/valuation-in-practice/ _zView the website free of charge at www.valuation-tribunals.gov.uk... |
| 942 |
_n0 _2ddc |
||
| 999 |
_c120576 _d120576 |
||